| 000 | 00521nam a2200181Ia 4500 | ||
|---|---|---|---|
| 005 | 20250326123647.0 | ||
| 008 | 250326s9999 xx 000 0 und d | ||
| 037 | _aTextbook | ||
| 040 |
_aFMSL _beng _cFMSL |
||
| 041 |
_aeng _2eng |
||
| 084 |
_aX9W.2 M2 _qFMSL |
||
| 100 |
_aRao C R Ada _9735741 |
||
| 245 | 0 |
_aPublic enterprises and parliamentary committees in India _cRao C R Ada |
|
| 260 |
_aAllahabad _bAllahabad, Chugh _c1982 |
||
| 300 | _a316p | ||
| 942 |
_cTB _hX9W.2 M2 |
||
| 999 |
_c1270375 _d1270375 |
||